| 000 | 00942nam a2200265Ia 4500 | ||
|---|---|---|---|
| 003 | OSt | ||
| 005 | 20220923211455.0 | ||
| 006 | a|||||r|||| 00| 0 | ||
| 007 | ta | ||
| 008 | 220922b |||||||| |||| 00| 0 hin d | ||
| 020 |
_a9789350728147 (pbk) _c199 |
||
| 024 | _a291,214 | ||
| 037 |
_b327, 21/01/2016, Vani Prakashan _cTextual |
||
| 040 |
_aARTS _cARTS _bhin |
||
| 041 |
_2hin _ahin |
||
| 082 | _aO152,3x, Q5 | ||
| 100 |
_aमिसरा, नीलेश, संपा. _9156274 |
||
| 245 | 0 | _aबस, इतनी सी थी ये कहानी | |
| 246 | _aBasa, itanī sī thī ye kahānī | ||
| 260 |
_aनयी दिल्ली _b वाणी प्रकाशन _c2015 |
||
| 300 |
_a222पृ. _ccm. |
||
| 650 | _aहिन्दी कहानी | ||
| 942 |
_hO152,3x, Q5 _cTEXL _2CC |
||
| 999 |
_c299888 _d299888 |
||